[Event "DOM-ch"]
[Site "Santo Domingo"]
[Date "2015.05.09"]
[Round "6"]
[White "Nunez, Joel"]
[Black "Dominguez, Jose Manuel"]
[Result "1/2-1/2"]
[WhiteElo "2192"]
[BlackElo "2291"]
[PlyCount "45"]
[EventDate "2015.05.01"]
[EventType "swiss"]
[EventRounds "11"]
[EventCountry "DOM"]
[SourceTitle "CBM 166 Extra"]
[Source "ChessBase"]
[SourceDate "2015.06.18"]
[SourceVersion "1"]
[SourceVersionDate "2015.06.18"]
[SourceQuality "1"]

1. c4 e5 2. Nc3 Nf6 3. Nf3 d6 4. d4 Nbd7 5. e4 Be7 6. Be2 0-0 7. 0-0 Re8 8. Re1 Bf8 9. Bf1 h6 10. Rb1 exd4 11. Nxd4 Nc5 12. Qc2 a5 13. h3 c6 14. Bf4 Nfd7 15. Rbd1 Qf6 16. Bg3 Qg6 17. Nde2 Ne5 18. Nf4 Qg5 19. h4 Qf6 20. Nh5 Qg6 21. Nf4 Qf6 22. Nh5 Qg6 23. Nf4 1/2-1/2

[Event "DOM-ch"]
[Site "Santo Domingo"]
[Date "2015.05.03"]
[Round "4"]
[White "Nunez, Joel"]
[Black "Lugo Matos, Richards Reynier"]
[Result "1/2-1/2"]
[WhiteElo "2192"]
[BlackElo "2146"]
[PlyCount "30"]
[EventDate "2015.05.01"]
[EventType "swiss"]
[EventRounds "11"]
[EventCountry "DOM"]
[SourceTitle "CBM 166 Extra"]
[Source "ChessBase"]
[SourceDate "2015.06.18"]
[SourceVersion "1"]
[SourceVersionDate "2015.06.18"]
[SourceQuality "1"]

1. d4 Nf6 2. c4 g6 3. Nc3 Bg7 4. e4 d6 5. Nf3 0-0 6. Be2 e5 7. 0-0 Nc6 8. d5 Ne7 9. b4 a5 10. bxa5 Rxa5 11. Nd2 c5 12. Nb3 Ra6 13. a4 Ne8 14. Ra3 f5 15. exf5 Nxf5 1/2-1/2